Gaming Quiz

Random Gaming Quiz

Mega Man X Bosses (Images) Quiz Stats

Quiz not verified by Sporcle

Also try: Mario or Mari-No?
Challenge
Share
Tweet
Image and video hosting by TinyPic
Score 0/64 Timer 10:00
0 Plays Today
Place Boss % Correct
A2Flame Stag
79.2%
A8Cyber Peacock
77.6%
A7Flame Mammoth
76.8%
A3Duff McWhalen
75.2%
A1Commander Yammark
74.4%
B3Sting Chameleon
73.6%
C4Spark Mandrill
72.2%
D3Storm Eagle
72.2%
A5Blast Hornet
71.2%
B5Wheel Gator
70.3%
C1Wire Sponge
68.8%
B2Axle The Red
67.7%
D1Split Mushroom
67.4%
D4Crystal Snail
66.8%
C3Jet Stingray
65.7%
C2Blaze Heatnix
65.6%
B7Frost Walrus
65.3%
C6Neon Tiger
64.9%
B8Tunnel Rhino
64.3%
D6Gravity Beetle
64.1%
C7Mattrex
63.7%
E1Armored Armadillo
63.1%
B6Rainy Turtloid
63%
G6Chill Penguin
61.9%
E2Storm Owl
61.8%
F6Web Spider
60.2%
A6Splash Warfly
59.6%
B1Avalanche Yeti
59.5%
F5Boomer Kuwanger
59%
A4Earthrock Trilobyte
58.9%
B4Flame Hyenard
58.7%
H4Launch Octopus
58.5%
Place Boss % Correct
D5Burn Rooster
56.9%
E4Crush Crawfish
56.6%
D8Grizzly Slash
56.5%
G3Bubble Crab
56.3%
E5Metal Shark Player
56.1%
D7Infinity Mijinion
56%
E8Dark Dizzy
55.4%
F7Overdrive Ostrich
55.4%
E6Morph Moth
55.3%
G4Magma Dragoon
55.3%
F2Squid Adler
55.2%
C8Gravity Antonion
54.9%
G1Volt Catfish
54.1%
C5Soldier Stonekong
53.7%
D2Ride Boarski
53.4%
H2Toxic Seahorse
53.2%
H1Izzy Glow
53%
G7The Skiver
52.8%
G5Blizzard Wolfang
51.7%
H5Magna Centipede
51.4%
F8Blizzard Buffalo
51.2%
F4Ground Scaravich
50.4%
F1Tornado Tonion
49.8%
E7Dark Mantis
49.5%
H7Slash Beast
49.5%
F3Gigabolt Man-O-War
49.2%
H8Shield Sheldon
48.9%
G2Optic Sunflower
47.7%
H3Bamboo Pandamonium
46.9%
E3Wind Crowrang
44.6%
G8Snipe Anteator
43%
H6Vanishing Gungaroo
39.3%

You're not logged in!

Compare scores with friends on all Sporcle quizzes.
Sign Up with Email
OR
Log In

You Might Also Like...

Show Comments

Extras

Top Quizzes Today


Score Distribution

Your Account Isn't Verified!

In order to create a playlist on Sporcle, you need to verify the email address you used during registration. Go to your Sporcle Settings to finish the process.